00992nam a2200133Ia 450000500170000000800390001702000180005608200150007410000170008924500590010626000390016552006290020465000250083320260302161543.0260302s9999 xx 000 0 und d a9780521109062 a338.9bLEO aLeontief, W. 0aStructure, System and Economic Policy / cLeontief, W. bCambridge University Press, c2009 aThis is a volume of papers organized by Professor Leontief for the 1976 meeting of the Economics section of the British Association for the Advancement of Science. After a paper by Professor Leontief applying input-output to the future of the world economy, other papers consider prices, regional problems, material supplies, urban problems, technical progress, unemployment and energy policy. There are two papers with a broader view of the British economy, one surveying government policy on the industrial structure of the economy and one considering the use of input-output for monitoring the development of the economy. aBusiness & Economics